000 01399nam0a22003011 4500
001 rc\4161484
005 20130415185323.9
021 _aRU
_b[47-21070]
035 _a(NLR Aleph) 008176587
090 _a7888319
_c7888319
100 _a20130415d1947 |||y0rusy50 ca
101 0 _arus
102 _aRU
105 _aa z |||||
200 1 _aСоветы врача по восстановлению и благоустройству колхозных селений
_fПод общ. ред. засл. врача РСФСР А.Н. Шаровникова
_gТул. обл. дом сан. просвещения
210 _aТула
_cОбл. кн. изд-во
_d1947
_gТип. газ. "Коммунар"
215 _a32 с.
_cил.
_d20
300 _aПеред загл. авт.: Д.С. Снежко
320 _aБиблиогр.: Что читать о восстановлении и благоустройстве колхоз. селений: с. 32
606 _aКолхозы
_xСанитарно-гигиенические требования
_2psbo
606 _aКолхозы
_xПланировка и строительство
_2psbo
700 1 _aСнежко
_bД. С.
_gДмитрий Семенович
702 1 _aШаровников
_bА. Н.
_4340
801 0 _aRU
_bNLR
_gpsbo
801 1 _aRU
_bELAR
_2rusmarc
852 _aNLR
_jМд96 Г-4/443
942 _cBOOK
980 _aNB